|
|
|
|
| LEADER |
01442nam a2200349 a 4500 |
| 001 |
mzk03001039010 |
| 003 |
CZ BrMZK |
| 005 |
20181107111302.0 |
| 007 |
ta |
| 008 |
060927s1621 sz a fr|||||00| ||latod |
| 040 |
|
|
|a BOA001
|b cze
|
| 072 |
|
7 |
|a 094
|x Staré tisky
|2 Konspekt
|9 12
|
| 080 |
|
|
|a (0.068)094
|2 MRF
|
| 100 |
1 |
|
|a Thou, Jacques-Auguste de,
|d 1553-1617
|7 mzk2007395174
|4 aut
|
| 245 |
1 |
0 |
|a Commentariorvm de Vita sva libri sex /
|c Viri Illvstiris Iac. Avg. Thvani regii in sanctiore consistorio consiliarii, et in svpremo regni senatv praesidis amplissimi
|
| 260 |
|
|
|a [Genevae :
|b Apud Petrvm de La Roviere],
|c 1621
|
| 300 |
|
|
|a 100, [7] s. ;
|c 2°
|
| 500 |
|
|
|a Výzdoba: Nad impresem signet, vlysy, iniciály
|
| 501 |
|
|
|a Přívazek k: Historiarvm svi temporis / Jacques Auguste de Thou
|
| 510 |
3 |
|
|a BNF
|
| 655 |
|
7 |
|a staré tisky
|7 fd422076
|2 czenas
|
| 856 |
4 |
2 |
|u https://books.google.cz/books?id=VflIAAAAcAAJ&hl=cs&pg=RA1-PA1#v=onepage&q&f=false
|y Digitalizovaný dokument
|z Exemplář z Universiteit Gent
|
| 856 |
4 |
1 |
|u https://imageserver.mzk.cz/mzk03/001/039/010/001039010.titul.jp2
|y Titulní list
|
| 903 |
|
|
|a RP
|
| 910 |
|
|
|a BOA001
|b ST3-0083.413,5,přív.
|
| 978 |
|
|
|b La Roviere, Pierre de
|a Genéve
|c 1621
|
| 984 |
|
|
|a Ženeva
|b Švýcarsko
|
| 985 |
|
|
|a 1601-1650
|
| 990 |
|
|
|a BK
|
| 993 |
|
|
|a Y
|
| 991 |
|
|
|k mzk
|
| 994 |
|
|
|a UP
|l MZK03
|b 001039009
|m přívazek
|n záznam 1. díla (pro objednání pokračujte kliknutím)
|